| Поле | Инд. | ПП | Название | Значение |
|---|---|---|---|---|
| Тип записи | a | |||
| Библиографический уровень | m | |||
| 001 | Контрольный номер | 8e8eea5c59a14c73b74929a84bc8de82 | ||
| 005 | Дата корректировки | 20260608110450.0 | ||
| 040 | a | Служба первич. каталог. | 10013504 | |
| b | Код языка каталог. | rus | ||
| e | Правила каталог. | PSBO | ||
| 041 | 0_ | a | Код языка текста | rus |
| 084 | a | Индекс другой классификации/Индекс ББК | доп. | |
| 090 | a | Полочн. индекс | А181 | |
| x | Авторский знак | Б 43 | ||
| r | Идентификатор организации | 10013504 | ||
| 100 | 1_ | a | Автор | Белашевский Г.Е. |
| 245 | 10 | a | Заглавие | Напряженное состояние элемента авиационной конструкции, выполненного в виде цилиндрической оболочки с некруговым отверстием или жестким включением |
| b | Продолж. заглавия | автореферат диссертации ... кандидата технических наук : специальность 05.07.03 - Строительная механика и прочность летательных аппаратов | ||
| c | Ответственность | науч. рук. Х.С. Хазанов; Куйбышевский авиационный институт им.С.П.Королева | ||
| 260 | a | Место издания | Куйбышев | |
| c | Дата издания | 1972 | ||
| 300 | a | Объем | 20 с. | |
| b | Иллюстрации/ тип воспроизводства | ил., табл. | ||
| 653 | 0_ | a | Ключевые слова | АВТОРЕФЕРАТЫ |
| 700 | 12 | a | Другие авторы | Хазанов Х.С. |
| e | Роль лиц | Научный руководитель | ||
| 901 | t | Тип документа | r | |
| 952 | d | Специальность | 05.07.03 Строительная механика и прочность летательных аппаратов | |
| a | Тип литературы для КСУ ВШ | БАНР | ||
| c | Вид литературы | автореферат |